| 000 | 00377nam a22001457a 4500 | ||
|---|---|---|---|
| 020 | _a- | ||
| 082 | _a940.542521954 TAK | ||
| 100 | _aTakayama, Hitoshi | ||
| 245 | _aHIROSHIMA in memoriam and today | ||
| 260 |
_aUSA _bThe Himat Group _c2000 |
||
| 300 | _axi, 278 p. | ||
| 500 | _aIncludes index. | ||
| 650 | _aHiroshima---Shi (Japan)---history---bombardment 1945 | ||
| 942 | _cBK | ||
| 999 |
_c13407 _d13407 |
||